Statistics for Roman numerals

Click here to take the quiz!

General Stats

  • This quiz has been taken 165 times
  • The average score is 9 of 9

Answer Stats

NumeralYour Correct Answers% Correct
IV{4}
99%
D{500}
99%
X{10}
98%
C{100}
98%
M{1000}
98%
V{5}
98%
L{50}
98%
I{1}
97%
CII{102}
96%

Score Distribution

Percentile by Number Answered

Percent of People with Each Score

Your Score History

You have not taken this quiz